000 00558nam a2200217 a 4500
001 0001-2118
003 ELIB.Books
008 190724 2010 eng
020 _a9781602606456
092 _a220.9
_bLes
100 _aLeston, Stephen.
245 _aThe Bible in World History
260 _aUhrichsville
_bBarbour Publishing
_c2011
300 _a271
_c21cm
650 _aBible History
856 _nKBTS Library
_uKBTS Elib
942 _2ddc
_cBK
990 _a1
998 _aEnglishbooks.elf
_ccat
_e2019-07-24
999 _c12118
_d12118